Champions League 2020-21 First XI - Statistics

General Stats
  • This quiz has been taken 605 times
  • The average score is 149 of 352
Answer Stats
Team Position Player % Correct
Bayern Munich GK Manuel Neuer
97%
Olympiacos GK José Sá
95%
Bayern Munich FW Robert Lewandowski
95%
Bayern Munich DF David Alaba
94%
Real Madrid GK Thibaut Courtois
93%
Atletico Madrid GK Jan Oblak
92%
Bayern Munich DF Benjamin Pavard
91%
Bayern Munich MF Kingsley Coman
91%
Chelsea GK Édouard Mendy
90%
Real Madrid DF Ferland Mendy
90%
Real Madrid MF Luka Modrić
90%
Bayern Munich MF Joshua Kimmich
89%
Real Madrid DF Raphaël Varane
89%
Real Madrid MF Casemiro
87%
Bayern Munich MF Leon Goretzka
87%
Bayern Munich MF Thomas Müller
87%
Liverpool GK Alisson
86%
Manchester City MF Bernardo Silva
86%
Lokomotiv Moscow FW Eder
86%
Real Madrid MF Federico Valverde
86%
Liverpool FW Mohamed Salah
86%
Liverpool FW Sadio Mané
86%
Chelsea DF Thiago Silva
86%
Liverpool DF Andrew Robertson
85%
Manchester City GK Ederson
85%
Liverpool FW Roberto Firmino
85%
Real Madrid DF Éder Militão
84%
Sevilla DF Jesús Navas
84%
Atletico Madrid FW João Félix
84%
Paris Saint-Germain GK Keylor Navas
84%
Bayern Munich DF Lucas Hernandez
84%
Atletico Madrid FW Luis Suárez
84%
Real Madrid DF Marcelo
84%
Manchester City FW Riyad Mahrez
84%
Lazio MF Sergej Milinković-Savić
84%
Liverpool DF Trent Alexander-Arnold
84%
Rennes DF Damien Da Silva
83%
Manchester City DF Kyle Walker
83%
Manchester City FW Sergio Agüero
83%
Atletico Madrid DF Stefan Savić
83%
Chelsea FW Timo Werner
83%
Inter Milan FW Alexis Sánchez
82%
Chelsea MF Christian Pulisic
82%
Marseille DF Duje Caleta-Car
82%
FC Barcelona MF Frenkie de Jong
82%
Manchester City MF İlkay Gündoğan
82%
Sevilla FW Luuk de Jong
82%
Manchester City FW Raheem Sterling
82%
Manchester City DF Rúben Dias
82%
Manchester United GK David De Gea
81%
Borussia Dortmund FW Erling Haaland
81%
İstanbul Başakşehir MF İrfan Can Kahveci
81%
Liverpool DF Joe Gomez
81%
Chelsea MF Kai Havertz
81%
Atletico Madrid DF Kieran Trippier
81%
Atletico Madrid MF Koke
81%
Paris Saint-Germain FW Kylian Mbappé
81%
FC Barcelona FW Lionel Messi
81%
Paris Saint-Germain FW Neymar
81%
Bayern Munich DF Niklas Süle
81%
Atalanta FW Papu Gómez
81%
Manchester City MF Rodri
81%
Real Madrid FW Rodrygo
81%
Ajax GK André Onana
80%
Inter Milan MF Arturo Vidal
80%
Liverpool MF Georginio Wijnaldum
80%
Manchester City DF João Cancelo
80%
Chelsea MF Jorginho
80%
Real Madrid FW Luka Jović
80%
Chelsea MF N'Golo Kanté
80%
Olympiacos DF Ousseynou Ba
80%
Inter Milan GK Samir Handanović
80%
Sevilla DF Sergi Gómez
80%
Inter Milan FW Romelu Lukaku
79%
Borussia Mönchengladbach GK Yann Sommer
79%
Paris Saint-Germain FW Ángel Di María
78%
Atletico Madrid MF Yannick Carrasco
78%
Manchester United MF Bruno Fernandes
77%
Real Madrid FW Marco Asensio
77%
Manchester United FW Anthony Martial
76%
FC Barcelona DF Gerard Piqué
76%
Borussia Dortmund DF Mats Hummels
76%
Chelsea DF Reece James
76%
Manchester United DF Victor Lindelöf
76%
Paris Saint-Germain MF Danilo Pereira
75%
Borussia Dortmund FW Jadon Sancho
75%
Juventus DF Leonardo Bonucci
75%
Chelsea MF Mason Mount
75%
Paris Saint-Germain DF Presnel Kimpembe
75%
Juventus DF Giorgio Chiellini
74%
Manchester United DF Luke Shaw
74%
Inter Milan MF Christian Eriksen
73%
FC Barcelona MF Miralem Pjanić
73%
FC Barcelona DF Sergiño Dest
73%
Juventus FW Álvaro Morata
72%
Chelsea DF Ben Chilwell
72%
Manchester United MF Scott McTominay
72%
Inter Milan DF Stefan de Vrij
72%
Juventus DF Danilo
71%
Porto MF Luis Díaz
71%
FC Barcelona DF Clément Lenglet
70%
Liverpool DF Fabinho
70%
Manchester United MF Fred
70%
Borussia Dortmund MF Jude Bellingham
70%
Ajax FW Dušan Tadić
69%
Juventus GK Wojciech Szczęsny
69%
Paris Saint-Germain MF Ander Herrera
68%
Borussia Dortmund MF Axel Witsel
68%
Bayern Munich MF Corentin Tolisso
68%
Atletico Madrid MF Héctor Herrera
68%
Paris Saint-Germain MF Idrissa Gueye
68%
Juventus MF Juan Cuadrado
68%
Inter Milan MF Nicolò Barella
68%
Marseille MF Pape Gueye
68%
Liverpool MF Curtis Jones
67%
Borussia Dortmund FW Marco Reus
67%
RB Leipzig DF Dayot Upamecano
66%
Atalanta FW Duvan Zapata
66%
Manchester United DF Aaron Wan-Bissaka
65%
Lazio FW Ciro Immobile
65%
Liverpool MF James Milner
65%
Juventus MF Rodrigo Bentancur
65%
Juventus MF Adrien Rabiot
63%
Juventus FW Dejan Kulusevski
63%
FC Barcelona GK Neto
63%
Ajax DF Nicolás Tagliafico
63%
Sevilla GK Yassine Bounou
63%
Sevilla MF Ivan Rakitić
62%
RB Leipzig GK Péter Gulácsi
62%
Borussia Dortmund MF Raphaël Guerreiro
62%
Inter Milan MF Ivan Perišić
61%
Lazio DF Luiz Felipe
61%
Manchester United MF Marcus Rashford
61%
Atletico Madrid DF Renan Lodi
61%
FC Barcelona DF Sergi Roberto
61%
Ajax FW David Neres
60%
Atletico Madrid DF Felipe
60%
Ajax DF Noussair Mazraoui
60%
Atletico Madrid MF Marcos Llorente
59%
Ajax DF Lisandro Martínez
58%
Atalanta FW Luis Muriel
56%
Marseille GK Steve Mandanda
56%
RB Leipzig FW Emil Forsberg
55%
RB Leipzig DF Willi Orbán
54%
RB Leipzig FW Dani Olmo
53%
Chelsea DF Kurt Zouma
53%
RB Leipzig FW Yussuf Poulsen
53%
Borussia Dortmund MF Thomas Meunier
52%
Paris Saint-Germain DF Alessandro Florenzi
51%
Ajax MF Daley Blind
51%
Atalanta MF Robin Gosens
50%
Borussia Dortmund DF Łukasz Piszczek
49%
FC Barcelona MF Philippe Coutinho
49%
Porto DF Pepe
48%
Borussia Mönchengladbach MF Marcus Thuram
47%
Atalanta MF Marten De Roon
47%
Ajax FW Mohammed Kudus
47%
Paris Saint-Germain DF Layvin Kurzawa
46%
Manchester City DF Eric Garcia
45%
Sevilla FW Lucas Ocampos
45%
Juventus MF Aaron Ramsey
44%
Marseille FW Dimitri Payet
44%
Sevilla MF Fernando
44%
RB Leipzig MF Kevin Kampl
44%
Lazio MF Luis Alberto
44%
Sevilla DF Marcos Acuña
44%
Atalanta MF Remo Freuler
44%
Lazio GK Thomas Strakosha
44%
FC Barcelona MF Ansu Fati
41%
Sevilla DF Diego Carlos
41%
Borussia Dortmund DF Thomas Delaney
41%
Borussia Mönchengladbach FW Alassane Pléa
40%
Lazio FW Joaquin Correa
40%
Inter Milan MF Matteo Darmian
40%
Lazio DF Francesco Acerbi
39%
Red Bull Salzburg FW Patson Daka
39%
Borussia Mönchengladbach DF Ramy Bensebaini
39%
Inter Milan DF Aleksandar Kolarov
38%
RB Leipzig MF Christopher Nkunku
38%
Atalanta DF Cristian Romero
38%
Atalanta MF Hans Hateboer
38%
Borussia Dortmund GK Marwin Hitz
37%
Red Bull Salzburg MF Dominik Szoboszlai
36%
RB Leipzig MF Angeliño
35%
Porto DF Chancel Mbemba
35%
Borussia Mönchengladbach DF Nico Elvedi
35%
RB Leipzig MF Nordi Mukiele
35%
Sevilla MF Nemanja Gudelj
34%
Atalanta DF Rafael Toloi
34%
Sevilla FW Suso
34%
Juventus MF Federico Chiesa
33%
Ajax MF Davy Klaassen
32%
Borussia Mönchengladbach DF Matthias Ginter
32%
Porto FW Moussa Marega
32%
Paris Saint-Germain DF Abdou Diallo
31%
Porto GK Agustín Marchesín
31%
Lazio MF Lucas Leiva
31%
Atalanta DF Berat Djimsiti
30%
Marseille DF Hiroki Sakaï
30%
Zenit Saint Petersburg FW Sardar Azmoun
30%
Inter Milan DF Danilo D'Ambrosio
29%
Ajax MF Ryan Gravenberch
29%
FC Barcelona MF Francisco Trincão
28%
Porto MF Jesús Corona
28%
Olympiacos DF Rúben Semedo
28%
Borussia Mönchengladbach DF Stefan Lainer
28%
Lazio MF Adam Marušić
27%
Borussia Mönchengladbach MF Breel Embolo
27%
Marseille FW Florian Thauvin
27%
RB Leipzig DF Marcel Halstenberg
27%
Zenit Saint Petersburg DF Dejan Lovren
26%
Rennes MF Eduardo Camavinga
25%
Rennes DF Hamari Traoré
25%
Krasnodar FW Marcus Berg
25%
Porto MF Mateus Uribe
25%
Club Brugge DF Clinton Mata
24%
Shakhtar Donetsk MF Manor Solomon
24%
Olympiacos MF Mathieu Valbuena
24%
Borussia Mönchengladbach MF Jonas Hofmann
23%
Marseille FW Darío Benedetto
22%
Atalanta GK Marco Sportiello
22%
Rennes GK Alfred Gomis
21%
Marseille DF Álvaro
21%
Borussia Mönchengladbach MF Florian Neuhaus
21%
Club Brugge MF Hans Vanaken
21%
Rennes FW Martin Terrier
21%
Borussia Mönchengladbach MF Christoph Kramer
20%
İstanbul Başakşehir FW Edin Višća
20%
Porto DF Malang Sarr
20%
Zenit Saint Petersburg FW Artem Dzyuba
19%
Manchester United DF Axel Tuanzebe
19%
Lazio DF Gil Patric
19%
Midtjylland DF Joel Andersson
19%
Shakhtar Donetsk MF Marlos
19%
Rennes DF Nayef Aguerd
19%
Marseille MF Valentin Rongier
18%
Lokomotiv Moscow MF Grzegorz Krychowiak
17%
Olympiacos DF Rafinha
17%
Olympiacos FW Youssef El-Arabi
17%
Porto DF Zaidu Sanusi
17%
Manchester United MF Alex Telles
16%
Midtjylland DF Paulinho
16%
Porto MF Sérgio Oliveira
16%
Marseille DF Jordan Amavi
15%
Lokomotiv Moscow DF Vedran Ćorluka
15%
Club Brugge FW Charles De Ketelaere
14%
Red Bull Salzburg MF Enock Mwepu
14%
Ajax DF Perr Schuurs
14%
Shakhtar Donetsk MF Tetê
14%
Rennes MF Benjamin Bourigeaud
13%
Red Bull Salzburg MF Mohamed Camara
13%
Dynamo Kyiv DF Vitaliy Mykolenko
13%
Shakhtar Donetsk GK Anatoliy Trubin
12%
Club Brugge FW Emmanuel Dennis
12%
İstanbul Başakşehir DF Martin Škrtel
12%
Lokomotiv Moscow DF Maciej Rybus
11%
Marseille MF Morgan Sanson
11%
Dynamo Kyiv FW Viktor Tsygankov
11%
Red Bull Salzburg DF Andreas Ulmer
10%
Lokomotiv Moscow MF Anton Miranchuk
10%
Shakhtar Donetsk DF Dodô
10%
Red Bull Salzburg DF Maximilian Wöber
10%
Olympiacos MF Yann M'Vila
10%
Red Bull Salzburg DF André Ramalho
9%
Club Brugge GK Ethan Horvath
9%
Lokomotiv Moscow FW Fyodor Smolov
9%
Lokomotiv Moscow GK Guilherme
9%
Club Brugge MF Ruud Vormer
9%
Rennes FW Serhou Guirassy
9%
Dynamo Kyiv DF Tomasz Kędziora
9%
Zenit Saint Petersburg MF Wílmar Barrios
9%
Club Brugge DF Brandon Mechele
8%
Club Brugge DF Eduard Sobol
8%
Midtjylland MF Frank Onyeka
8%
Krasnodar MF Kristoffer Olsson
8%
Lazio MF Mohamed Farès
8%
Midtjylland FW Sory Kaba
8%
Rennes MF Steven Nzonzi
8%
Dynamo Kyiv DF Illya Zabarnyi
7%
Olympiacos DF José Holebas
7%
Club Brugge FW Krépin Diatta
7%
Shakhtar Donetsk MF Marcos Antônio
7%
Krasnodar GK Matvei Safonov
7%
Dynamo Kyiv MF Mykola Shaparenko
7%
Zenit Saint Petersburg MF Sebastián Driussi
7%
Red Bull Salzburg FW Sékou Koïta
7%
Zenit Saint Petersburg DF Yaroslav Rakitskiy
7%
İstanbul Başakşehir DF Alexandru Epureanu
6%
Dynamo Kyiv FW Carlos de Pena
6%
Red Bull Salzburg GK Cican Stanković
6%
Olympiacos MF Giorgos Masouras
6%
Dynamo Kyiv GK Heorhiy Bushchan
6%
İstanbul Başakşehir GK Mert Günok
6%
İstanbul Başakşehir MF Rafael
6%
Krasnodar MF Tonny Vilhena
6%
Midtjylland MF Awer Mabil
5%
Krasnodar FW Cristian Ramírez
5%
Rennes DF Dalbert
5%
Ferencváros GK Dénes Dibusz
5%
Shakhtar Donetsk FW Dentinho
5%
İstanbul Başakşehir FW Enzo Crivelli
5%
Porto MF Fábio Vieira
5%
Club Brugge DF Federico Ricca
5%
İstanbul Başakşehir DF Júnior Caiçara
5%
Club Brugge MF Mats Rits
5%
Midtjylland MF Pione Sisto
5%
Red Bull Salzburg MF Zlatko Junuzović
5%
Olympiacos MF Andreas Bouchalakis
4%
Midtjylland DF Erik Sviatchenko
4%
Krasnodar FW Igor Smolnikov
4%
Midtjylland MF Jens-Lys Cajuste
4%
Midtjylland GK Jesper Hansen
4%
Olympiacos MF Lazar Ranđelović
4%
Zenit Saint Petersburg GK Mikhail Kerzhakov
4%
Ferencváros FW Oleksandr Zubkov
4%
Ferencváros FW Tokmac Nguen
4%
Zenit Saint Petersburg DF Vyacheslav Karavayev
4%
Ferencváros DF Adnan Kovačević
3%
Midtjylland DF Alexander Scholz
3%
Midtjylland MF Anders Dreyer
3%
İstanbul Başakşehir DF Boli Bolingoli-Mbombo
3%
Ferencváros MF Dávid Sigér
3%
Shakhtar Donetsk DF Davit Khocholava
3%
İstanbul Başakşehir FW Deniz Türüç
3%
Ferencváros DF Eldar Ćivić
3%
Ferencváros MF Ihor Kharatin
3%
Krasnodar DF Kaio
3%
Shakhtar Donetsk MF Maycon
3%
İstanbul Başakşehir MF Mehmet Topal
3%
Ferencváros DF Miha Blažič
3%
Dynamo Kyiv MF Serhiy Sydorchuk
3%
Shakhtar Donetsk DF Valeriy Bondar
3%
Dynamo Kyiv MF Vitaliy Buyalskyi
3%
Ferencváros MF Aïssa Laïdouni
2%
Red Bull Salzburg DF Albert Vallci
2%
Zenit Saint Petersburg DF Danil Krugovoy
2%
Ferencváros DF Endre Botka
2%
Ferencváros FW Isael
2%
Lokomotiv Moscow DF Murilo Cerqueira
2%
Dynamo Kyiv DF Oleksandr Karavayev
2%
Lokomotiv Moscow MF Rifat Zhemaletdinov
2%
Rennes FW Romain Del Castillo
2%
Krasnodar DF Sergei Petrov
2%
Krasnodar DF Yegor Sorokin
2%
Krasnodar DF Yevgeni Chernov
2%
Zenit Saint Petersburg MF Daler Kuzyayev
1%
Lokomotiv Moscow MF Daniil Kulikov
1%
Krasnodar MF Daniil Utkin
1%
Lokomotiv Moscow DF Dmitri Zhivoglyadov
1%
Zenit Saint Petersburg MF Magomed Ozdoyev
1%
Shakhtar Donetsk DF Viktor Korniyenko
1%
Dynamo Kyiv FW Vladyslav Supriaha
1%
No matching quizzes found
Score Distribution
Percent of People with Each Score
Percentile by Number Answered
Your Score History
You have not taken this quiz